| 000 | 00772nam a2200229 i 4500 | ||
|---|---|---|---|
| 001 | bgj | ||
| 100 | 1 | _aKOWALIK, Barbara | |
| 245 | 1 | 0 |
_aArtistry and christianity in "Pearl" / _cBarbara Kowalik. |
| 260 |
_aGdańsk : _bWydaw. Gdańskie, _c1994. |
||
| 300 |
_a43 pp ; _c20 cm. |
||
| 490 | 1 |
_aInterpretations of British literature / Andrzej Zgorzelski, red. nacz. ; _v5 |
|
| 504 | _aBibliography pp 41-43. | ||
| 630 | 0 | 9 | _a"Pearl"[poem] |
| 650 | 9 |
_aEnglish literature _a14 cent. _xCriticism and interpretations] |
|
| 830 | 0 |
_aInterpretations of British literature (Andrzej Zgorzelski, red. nacz.) ; _v5 |
|
| 020 | _a8385843272 (pbk) | ||
| 040 | _cBPK | ||
| 041 | 0 | _aeng | |
| 920 | _a83-85843-27-2 (pbk) | ||
| 942 | _cKS | ||
| 008 | s uk f |000 0 eng | ||
| 999 |
_c48120 _d48120 |
||
| 856 |
_uhttp://koha.tu.koszalin.pl/cgi-bin/koha/opac-detail.pl?biblionumber=48120 _yKatalog online BPK |
||